LIBRARY ONLINE CATALOGUE

Right to nationality : (Record no. 15489)

MARC details
000 -LEADER
fixed length control field 00490nam a22001692 4500
001 - CONTROL NUMBER
control field 0000024647
005 - DATE AND TIME OF LATEST TRANSACTION
control field 20151217161644.0
008 - FIXED-LENGTH DATA ELEMENTS--GENERAL INFORMATION
fixed length control field 140123s xx 000 0 eng d
040 ## - CATALOGING SOURCE
Original cataloging agency KABU
Transcribing agency KABU
100 1# - MAIN ENTRY--PERSONAL NAME
Personal name Ayuma, Abukuse Elinah.
-- 0000185029
245 10 - TITLE STATEMENT
Title Right to nationality :
Remainder of title the national identity card crisis in Kenya /
Statement of responsibility, etc. Abukuse Elinah Ayuma.
260 ## - PUBLICATION, DISTRIBUTION, ETC. (IMPRINT)
Date of publication, distribution, etc. 2013.
300 ## - PHYSICAL DESCRIPTION
Extent vii, 43 leaves.
908 ## - PUT COMMAND PARAMETER (RLIN)
Put command parameter 140123
950 ## - LOCAL HOLDINGS (RLIN)
-- 1
Holdings
Withdrawn status Lost status Source of classification or shelving scheme Not for loan Home library Current library Date acquired Total Checkouts Full call number Barcode Date last seen Date last checked out Price effective from Koha item type
    Library of Congress Classification   Kabarak, Main Campus Kabarak, Main Campus 17/12/2015 4 Law PRO2 05/10/2023 13/02/2019 17/12/2015 Thesis, Dissertation and Projecs